<?xml version="1.0" encoding="UTF-8"?>
<record
    xmlns:xsi="http://www.w3.org/2001/XMLSchema-instance"
    xsi:schemaLocation="http://www.loc.gov/MARC21/slim http://www.loc.gov/standards/marcxml/schema/MARC21slim.xsd"
    xmlns="http://www.loc.gov/MARC21/slim">

  <leader>06897cam a22005175i 4500</leader>
  <controlfield tag="001">18721372</controlfield>
  <controlfield tag="003">USPCAS-E</controlfield>
  <controlfield tag="005">20180118181414.0</controlfield>
  <controlfield tag="008">150729s2014    njua     b    101 0 eng d</controlfield>
  <datafield tag="010" ind1=" " ind2=" ">
    <subfield code="a">  2015452025</subfield>
  </datafield>
  <datafield tag="015" ind1=" " ind2=" ">
    <subfield code="a">GBB369423</subfield>
    <subfield code="2">bnb</subfield>
  </datafield>
  <datafield tag="016" ind1="7" ind2=" ">
    <subfield code="a">016467747</subfield>
    <subfield code="2">Uk</subfield>
  </datafield>
  <datafield tag="020" ind1=" " ind2=" ">
    <subfield code="a">9781118771242</subfield>
  </datafield>
  <datafield tag="020" ind1=" " ind2=" ">
    <subfield code="a">1118771249</subfield>
  </datafield>
  <datafield tag="035" ind1=" " ind2=" ">
    <subfield code="a">(OCoLC)ocn855704397</subfield>
  </datafield>
  <datafield tag="040" ind1=" " ind2=" ">
    <subfield code="a">UKMGB</subfield>
    <subfield code="b">eng</subfield>
    <subfield code="c">UKMGB</subfield>
    <subfield code="e">rda</subfield>
    <subfield code="d">BTCTA</subfield>
    <subfield code="d">YDXCP</subfield>
    <subfield code="d">CUV</subfield>
    <subfield code="d">LYU</subfield>
    <subfield code="d">OCLCO</subfield>
    <subfield code="d">OCLCF</subfield>
    <subfield code="d">OCLCQ</subfield>
    <subfield code="d">OCLCO</subfield>
    <subfield code="d">DLC</subfield>
  </datafield>
  <datafield tag="042" ind1=" " ind2=" ">
    <subfield code="a">lccopycat</subfield>
  </datafield>
  <datafield tag="082" ind1="0" ind2="4">
    <subfield code="a">620.14</subfield>
    <subfield code="2">23</subfield>
    <subfield code="b">CER 2014</subfield>
  </datafield>
  <datafield tag="111" ind1="2" ind2=" ">
    <subfield code="a">Pacific Rim Conference on Ceramic and Glass Technology</subfield>
    <subfield code="n">(10th :</subfield>
    <subfield code="d">2013 :</subfield>
    <subfield code="c">Coronado, Calif.),</subfield>
    <subfield code="j">creator.</subfield>
  </datafield>
  <datafield tag="245" ind1="1" ind2="0">
    <subfield code="a">Ceramics for environmental and energy applications II :</subfield>
    <subfield code="b">a collection of papers presented at the 10th Pacfic Rim Conference on Ceramic and Glass Technology, June 2-6, 2013, Coronado, California /</subfield>
    <subfield code="c">edited by Fatih Dogan, Terry M. Tritt, Tohru Sekino, Yutai Katoh, Aleksander J. Pyzik, Ilias Belharouak, Aldo R. Boccaccini, James Marra ; volume editor: Hua-Tay Lin.</subfield>
  </datafield>
  <datafield tag="260" ind1=" " ind2=" ">
    <subfield code="a">New Jersey:</subfield>
    <subfield code="b">Wiley,</subfield>
    <subfield code="c">c2014.</subfield>
  </datafield>
  <datafield tag="300" ind1=" " ind2=" ">
    <subfield code="a">ix, 274 pages :</subfield>
    <subfield code="b">illustrations ;</subfield>
    <subfield code="c">25 cm.</subfield>
  </datafield>
  <datafield tag="490" ind1="1" ind2=" ">
    <subfield code="a">Ceramic transactions ;</subfield>
    <subfield code="v">246</subfield>
  </datafield>
  <datafield tag="500" ind1=" " ind2=" ">
    <subfield code="a">Selected conference papers.</subfield>
  </datafield>
  <datafield tag="502" ind1=" " ind2=" ">
    <subfield code="a">0</subfield>
  </datafield>
  <datafield tag="504" ind1=" " ind2=" ">
    <subfield code="a">Includes bibliographical references and index.</subfield>
  </datafield>
  <datafield tag="505" ind1="0" ind2="0">
    <subfield code="t">Recent research activities for future challenges in global energy and environment in Toyota Central R &amp; D Labs, Inc. (TCRDL) /</subfield>
    <subfield code="r">Tomoyoshi Motochiro --</subfield>
    <subfield code="g">Solid oxide fuel cells and hydrogen technology</subfield>
    <subfield code="t">Structural and electrical characterization of Pr[x]Ce&#x2080;.&#x2089;&#x2085;-[x]Gd&#x2080;.&#x2080;&#x2085;O&#x2082;[delta] (0.15 [less than or equal to] x [less than or equal to] 0.40) as cathode materials for low temperature SOFC /</subfield>
    <subfield code="r">Rajalekshmi Chockalingam, Suddhasatwa Basu, and Ashok Kumar Ganguli ;</subfield>
    <subfield code="t">Solid oxide metal-air batteries for advanced energy storage /</subfield>
    <subfield code="r">Xuan Zhao, Yunhui Gong, Xue Li, Nansheng Xu, and Kevin Huang ;</subfield>
    <subfield code="t">Fabrication of CeO&#x2082;/Al multilayer thin films and the thermal behavior /</subfield>
    <subfield code="r">Shumpei Kurokawa, Takashi Hashizume, Masateru Nose, and Atsushi Saiki --</subfield>
    <subfield code="g">Direct thermal to electrical energy conversion materials and applications</subfield>
    <subfield code="t">Reduced strontium titanate thermoelectric materials /</subfield>
    <subfield code="r">Lisa A. Moore and Charlene M. Smith --</subfield>
    <subfield code="g">Photovoltaic materials and technologies</subfield>
    <subfield code="t">Densification and properties of fluorine doped tin oxide (FTO) ceramics by spark plasma sintering /</subfield>
    <subfield code="r">Meijuan Li, Kun Xiang, Qiang Shen, and Lianmeng Zhang ;</subfield>
    <subfield code="t">Interfacial character and electronic passivation in amorphous thin-film alumina for Si photovoltaics /</subfield>
    <subfield code="r">L.R. Hubbard, J.B. Kana-Kana, and B.G. Potter, Jr. --</subfield>
    <subfield code="g">Ceramics for next generation nuclear energy</subfield>
    <subfield code="t">SiC/SiC fuel cladding by NITE process for innovative LWR pre-composite ribbon design and fabrication /</subfield>
    <subfield code="r">Yuuki Asakura, Daisuke Hayasaka, Joon-Soo Park, Hirotatsu Kishimoto, and Akira Kohyama ;</subfield>
    <subfield code="t">SiC/SiC fuel cladding by NITE process for innovative light water reactor: compatibility with high temperature pressurized water /</subfield>
    <subfield code="r">C. Kanda, Y. Kanda, H. Kishimoto, and A. Kohyama ;</subfield>
    <subfield code="t">SiC/SiC fuel cladding by NITE process for innovative LWR: concept and process development of fuel pin assembly technologies /</subfield>
    <subfield code="r">Hirotatsu Kishimoto, Tamaki Shibayama, Yuuki Asakura, Daisuke Hayasaka, Yutaka Kohno, and Akira Kohyama ;</subfield>
    <subfield code="t">"INSPIRE" project for R &amp; D of SiC/SiC fuel cladding by NITE method /</subfield>
    <subfield code="r">Akira Kohyama ;</subfield>
    <subfield code="t">SiC/SiC fuel cladding by NITE process for innovative LWR: cladding forming process development /</subfield>
    <subfield code="r">Naofumi Nakazato, Hirotatsu Kishimoto, Yutaka Kohno, and Akira Kohyama --</subfield>
    <subfield code="g">Advances in photocatalytic materials for energy and environmental applications</subfield>
    <subfield code="t">Preparation of Brookite-type titanium oxide nanocrystal by hydrothermal synthesis /</subfield>
    <subfield code="r">S. Kitahara, T. Hashizume, and A. Saiki ;</subfield>
    <subfield code="t">Effect of atmosphere on crystallisation kinetics and phase relations in electrospun TiO&#x2082; nanofibres /</subfield>
    <subfield code="r">H. Albetran, H. Haroosh, Y. Dong, B.H. O'Connor, and I.M. Low ;</subfield>
    <subfield code="t">Electronic and optical properties of nitrogen-doped layered manganese oxides /</subfield>
    <subfield code="r">Giacomo Giorgi and Koichi Yamashita --</subfield>
    <subfield code="g">Ceramics enabling environmental protection: clean air and water</subfield>
    <subfield code="t">Understanding the effect of dynamic feed conditions on water recovery from IC engine exhaust by capillary condensation with inorganic membranes /</subfield>
    <subfield code="r">Melanie Moses DeBusk, Brian Bischoff, James Hunter, James Klett, Eric Nafziger, and Stuart Daw ;</subfield>
    <subfield code="t">Reliability of ceramic membranes of BSCF for oxygen separation in a pilot membrane reactor /</subfield>
    <subfield code="r">E.M. Pfaff, M. Oezel, A. Eser, and A. Bezold --</subfield>
    <subfield code="g">Advanced materials and technologies for electrothermal energy storage systems</subfield>
    <subfield code="t">In situ experimentation with batteries using neutron and synchrotron X-ray diffraction /</subfield>
    <subfield code="r">Neeraj Sharma ;</subfield>
    <subfield code="t">Electrochemical performance of LiNi&#x2081;/&#x2083;Co&#x2081;/&#x2083;Mn&#x2081;/&#x2083;O&#x2082; lithium polymer battery based on PVDF-HFP/m-SBA15 composite polymer membranes /</subfield>
    <subfield code="r">Chun-Chen Yang and Zuo-Yu Lian --</subfield>
    <subfield code="g">Glasses and ceramics for nuclear and hazardous waste treatment</subfield>
    <subfield code="t">Borosilicate glass foams from glass packaging residues /</subfield>
    <subfield code="r">R.K. Chinnam, Silvia Molinaro, Enrico Bernardo, and Aldo R. Boccaccini ;</subfield>
    <subfield code="t">The durability of simulated UK high level waste glass compositions based on recent vitrification campaigns /</subfield>
    <subfield code="r">Mike T. Harrison and Carl J. Steele ;</subfield>
    <subfield code="t">Scaled melter testing of noble metals behavior with Japanese HLW streams /</subfield>
    <subfield code="r">Keith S. Matlack, Hao Gan, Ian L. Pegg, Innocent Joseph, Bradley W. Bowan, Yoshiyuki Miura, Norio Kanehira, Eiji Ochi, Toshiro Oniki, and Yoshihiro Endo ;</subfield>
    <subfield code="t">Suppression of yellow phase formation during Japanese HLW vitrification /</subfield>
    <subfield code="r">Hao Gan, Keith S. Matlack, Ian L. Pegg, Innocent Joseph, Bradley W. Bowan, Yoshiyuki Miura, Norio Kanehira, Eiji Ochi, Toshiro Oniki, and Yoshihiro Endo ;</subfield>
    <subfield code="t">Cold crucible vitrification of Hanford HLW surrogates in aluminum-iron-phosphate glass /</subfield>
    <subfield code="r">S.V. Stefanovsky, S.Y. Shvetsov, V.V. Gorbunov, A.V. Lekontsev, A.V. Efimov, I.A. Knyazev, O.I. Stefanovsky, M.S. Zen'kovskaya and J.A. Roach ;</subfield>
    <subfield code="t">Hafnium and samarium speciation in vitrified radioactive incinerator slag /</subfield>
    <subfield code="r">G.A. Malinina, S.V. Stefanovsky, A.A. Shiryaev, and Y.V. Zubavichus.</subfield>
  </datafield>
  <datafield tag="650" ind1=" " ind2="0">
    <subfield code="a">Ceramic materials</subfield>
    <subfield code="v">Congresses.</subfield>
  </datafield>
  <datafield tag="650" ind1=" " ind2="7">
    <subfield code="a">Ceramic materials.</subfield>
    <subfield code="2">fast</subfield>
  </datafield>
  <datafield tag="655" ind1=" " ind2="7">
    <subfield code="a">Conference proceedings.</subfield>
    <subfield code="2">fast</subfield>
  </datafield>
  <datafield tag="700" ind1="1" ind2=" ">
    <subfield code="a">Dogan, Fatih,</subfield>
    <subfield code="e">editor.</subfield>
  </datafield>
  <datafield tag="700" ind1="1" ind2=" ">
    <subfield code="a">Tritt, Terry M.,</subfield>
    <subfield code="e">editor.</subfield>
  </datafield>
  <datafield tag="700" ind1="1" ind2=" ">
    <subfield code="a">Sekino, T.</subfield>
    <subfield code="q">(Tohru),</subfield>
    <subfield code="e">editor.</subfield>
  </datafield>
  <datafield tag="700" ind1="1" ind2=" ">
    <subfield code="a">Katoh, Yutai,</subfield>
    <subfield code="e">editor.</subfield>
  </datafield>
  <datafield tag="700" ind1="1" ind2=" ">
    <subfield code="a">Pyzik, Aleksander J.,</subfield>
    <subfield code="e">editor.</subfield>
  </datafield>
  <datafield tag="700" ind1="1" ind2=" ">
    <subfield code="a">Belharouak, Ilias,</subfield>
    <subfield code="e">editor.</subfield>
  </datafield>
  <datafield tag="700" ind1="1" ind2=" ">
    <subfield code="a">Boccaccini, A. R.</subfield>
    <subfield code="q">(Aldo R.),</subfield>
    <subfield code="e">editor.</subfield>
  </datafield>
  <datafield tag="700" ind1="1" ind2=" ">
    <subfield code="a">Marra, James,</subfield>
    <subfield code="e">editor.</subfield>
  </datafield>
  <datafield tag="700" ind1="1" ind2=" ">
    <subfield code="a">Lin, Hua-Tay,</subfield>
    <subfield code="e">editor.</subfield>
  </datafield>
  <datafield tag="830" ind1=" " ind2="0">
    <subfield code="a">Ceramic transactions ;</subfield>
    <subfield code="v">246.</subfield>
  </datafield>
  <datafield tag="856" ind1="4" ind2="2">
    <subfield code="3">Publisher description</subfield>
    <subfield code="u">http://www.loc.gov/catdir/enhancements/fy1603/2015452025-d.html</subfield>
  </datafield>
  <datafield tag="856" ind1="4" ind2="1">
    <subfield code="3">Table of contents only</subfield>
    <subfield code="u">http://www.loc.gov/catdir/enhancements/fy1603/2015452025-t.html</subfield>
  </datafield>
  <datafield tag="906" ind1=" " ind2=" ">
    <subfield code="a">0</subfield>
    <subfield code="b">ibc</subfield>
    <subfield code="c">copycat</subfield>
    <subfield code="d">2</subfield>
    <subfield code="e">ncip</subfield>
    <subfield code="f">20</subfield>
    <subfield code="g">y-gencatlg</subfield>
  </datafield>
  <datafield tag="942" ind1=" " ind2=" ">
    <subfield code="2">ddc</subfield>
    <subfield code="c">BK</subfield>
  </datafield>
  <datafield tag="999" ind1=" " ind2=" ">
    <subfield code="c">355800</subfield>
    <subfield code="d">355800</subfield>
  </datafield>
  <datafield tag="952" ind1=" " ind2=" ">
    <subfield code="0">0</subfield>
    <subfield code="1">0</subfield>
    <subfield code="2">ddc</subfield>
    <subfield code="4">0</subfield>
    <subfield code="7">0</subfield>
    <subfield code="8">NFIC</subfield>
    <subfield code="a">CAS-E</subfield>
    <subfield code="b">CAS-E</subfield>
    <subfield code="c">DISPLAY</subfield>
    <subfield code="d">2015-12-22</subfield>
    <subfield code="e">Iqra</subfield>
    <subfield code="g">9664.00</subfield>
    <subfield code="l">0</subfield>
    <subfield code="o">620.14 CER 2014</subfield>
    <subfield code="p">CAS-E0001077</subfield>
    <subfield code="r">2015-12-22</subfield>
    <subfield code="w">2015-12-22</subfield>
    <subfield code="y">BK</subfield>
  </datafield>
</record>
